| 000 | 00732nam a2200241 i 4500 | ||
|---|---|---|---|
| 001 | 16291 | ||
| 003 | ES-MaACL | ||
| 005 | 20230906151301.0 | ||
| 007 | t| | ||
| 008 | 000825s1992 mx ||||1| spa d | ||
| 020 | _a968-16-3602-3 | ||
| 080 | _a930.1 | ||
| 100 | 1 |
_aGellner, Ernest. _956272 |
|
| 245 | 1 | 3 |
_aEl arado, la espada y el libro _b: la estructura de la historia humana / _cErnest Gellner. |
| 250 | _a1ª ed. en español. | ||
| 260 |
_aMéxico : _bFondo de Cultura Económica, _c1992. |
||
| 300 |
_a252 p. ; _c23 cm. |
||
| 490 | 1 | _aSección de obras de historia | |
| 650 | 4 |
_aHistoria- _xFilosofía. _913380 |
|
| 830 | 1 |
_aSección de obras de historia _9179403 |
|
| 852 |
_aES-MaACL _jL-23606 |
||
| 999 |
_c16291 _d16291 |
||